中国所有的全区市、单区市、直筒子市、兵团城市 - Statistics

General Stats
  • This quiz has been taken 123 times
  • The average score is 59 of 90
Answer Stats
类别 % Correct
全区市 直辖市 北京
100%
全区市 直辖市 上海
100%
全区市 直辖市 天津
100%
直筒子市 广东 东莞
98%
全区市 广东 深圳
97%
全区市 海南 三亚
97%
全区市 海南 海口
96%
全区市 湖北 武汉
95%
全区市 江苏 南京
95%
直筒子市 广东 中山
95%
全区市 广东 广州
94%
全区市 福建 厦门
94%
直筒子市 海南 儋州
94%
直筒子市 甘肃 嘉峪关
94%
全区市 广东 佛山
93%
全区市 内蒙古 乌海
92%
全区市 广东 珠海
91%
全区市 海南 三沙
91%
全区市 湖北 鄂州
90%
全区市 新疆 克拉玛依
88%
兵团城市 第八师 石河子
88%
兵团城市 第二师 铁门关
82%
兵团城市 第三师 图木舒克
80%
兵团城市 第十师 北屯
77%
兵团城市 第四师 可克达拉
75%
兵团城市 第五师 双河
73%
兵团城市 第十四师 昆玉
73%
兵团城市 第六师 五家渠
72%
兵团城市 第七师 胡杨河
72%
兵团城市 第十三师 新星
71%
兵团城市 第一师 阿拉尔
68%
单区市 浙江 丽水
68%
单区市 吉林 白城
66%
单区市 山西 运城
64%
单区市 山西 忻州
63%
单区市 吉林 松原
62%
单区市 黑龙江 黑河
62%
单区市 山西 晋城
62%
单区市 山西 吕梁
62%
单区市 安徽 池州
62%
单区市 山西 临汾
61%
单区市 内蒙古 通辽
60%
单区市 内蒙古 乌兰察布
60%
单区市 江西 新余
60%
单区市 湖北 黄冈
60%
单区市 安徽 宣城
59%
单区市 湖北 咸宁
59%
兵团城市 第九师 白杨
58%
单区市 内蒙古 巴彦淖尔
58%
单区市 安徽 宿州
58%
单区市 安徽 亳州
58%
单区市 福建 宁德
57%
单区市 湖北 随州
57%
单区市 西藏 那曲
57%
单区市 西藏 林芝
57%
单区市 西藏 日喀则
56%
单区市 黑龙江 绥化
55%
单区市 西藏 山南
55%
单区市 西藏 昌都
55%
单区市 甘肃 金昌
55%
单区市 广东 汕尾
54%
单区市 新疆 哈密
54%
单区市 江西 宜春
53%
单区市 湖北 孝感
53%
单区市 甘肃 张掖
52%
单区市 新疆 吐鲁番
52%
单区市 甘肃 武威
51%
单区市 甘肃 酒泉
51%
单区市 湖南 怀化
48%
单区市 甘肃 庆阳
48%
单区市 河南 濮阳
47%
单区市 湖南 娄底
47%
单区市 广东 河源
47%
单区市 宁夏 固原
47%
单区市 宁夏 中卫
47%
单区市 广西 崇左
46%
单区市 陕西 商洛
46%
单区市 甘肃 平凉
46%
单区市 河南 驻马店
45%
单区市 陕西 安康
45%
单区市 甘肃 陇南
45%
单区市 贵州 毕节
44%
单区市 云南 普洱
44%
单区市 云南 保山
43%
单区市 云南 丽江
43%
单区市 云南 临沧
43%
单区市 甘肃 定西
43%
单区市 云南 昭通
42%
单区市 广西 来宾
40%
单区市 四川 资阳
34%
No matching quizzes found
Score Distribution
Percent of People with Each Score
Percentile by Number Answered
Your Score History
You have not taken this quiz